Adubo líquido : produção e uso no Brasil /
Guardado en:
| Autor Principal: | |
|---|---|
| Formato: | Libro |
| Idioma: | Portuguese |
| Publicado: |
Campinas :
Fundação Cargill,
1991.
|
| Etiquetas: |
Agregar Etiqueta
Sin Etiquetas, Sea el primero en etiquetar este registro!
|
| LEADER | 00507nam a22001335a 4500 | ||
|---|---|---|---|
| 001 | EEA.libagro004571 | ||
| 005 | 20181112093806.0 | ||
| 008 | 130809s1991####bl#a##########000#0#por#d | ||
| 082 | 0 | 4 | |a 631.81 |
| 100 | 1 | |a Boaretto, Antonio Enedi. | |
| 245 | 1 | 0 | |a Adubo líquido : |b produção e uso no Brasil / |c Antonio Enedi Boaretto, Antono de Pádua Cruz, Pedro Henrique de Cerqueira Luz. |
| 260 | |a Campinas : |b Fundação Cargill, |c 1991. | ||
| 300 | |a 100 p. : |b il. ; |c 21 cm. | ||
| 859 | |a AR-BbBCA |b BIB. AGRONOMIA |h 631.81 |i B662 |p 1992/1816 | ||
